[Event "Mirandola Giovanni Pico op 2nd"]
[Site "Mirandola"]
[Date "2009.01.09"]
[Round "1"]
[White "Decaneto, Erick"]
[Black "Trangoni, Bruno"]
[Result "0-1"]
[WhiteElo "1548"]
[BlackElo "1998"]
[PlyCount "82"]
[EventDate "2009.01.09"]
[EventType "swiss"]
[EventRounds "5"]
[EventCountry "ITA"]
[SourceTitle "EXT 2011"]
[Source "ChessBase"]
[SourceDate "2010.11.26"]
[SourceVersion "1"]
[SourceVersionDate "2010.11.26"]
[SourceQuality "1"]

1. d4 g6 2. c4 Bg7 3. Nc3 d6 4. Bf4 Nd7 5. Nf3 e5 6. dxe5 dxe5 7. Bg5 Ne7 8. e4 0-0 9. Nd5 f6 10. Be3 c6 11. Nxe7+ Qxe7 12. Bd3 Nc5 13. Bxc5 Qxc5 14. 0-0 Be6 15. Qc2 Rad8 16. Rad1 Rd7 17. Be2 Rfd8 18. Rxd7 Rxd7 19. Rd1 Rxd1+ 20. Bxd1 Qxc4 21. Qxc4 Bxc4 22. Bb3 Bxb3 23. axb3 Kf7 24. Nd2 Ke6 25. Kf1 b5 26. Ke2 Bh6 27. f3 a5 28. Kd3 Bxd2 29. Kxd2 Kd6 30. Kc3 Kc5 31. h3 h6 32. g3 f5 33. exf5 gxf5 34. g4 fxg4 35. fxg4 Kd5 36. Kd3 c5 37. Ke3 c4 38. bxc4+ Kxc4 39. h4 b4 40. g5 a4 41. Kd2 a3 0-1